Welcome to University of Cape Coast Library, Online Public Access Catalogue (OPAC)

Normal view MARC view

Entry Geographic Name

Number of records used in: 23

001 - CONTROL NUMBER

  • control field: 870

003 - CONTROL NUMBER IDENTIFIER

  • control field: OSt

005 - DATE AND TIME OF LATEST TRANSACTION

  • control field: 20220325095534.0

008 - FIXED-LENGTH DATA ELEMENTS

  • fixed length control field: 220325|| aca||aabn | a|a d

040 ## - CATALOGING SOURCE

  • Original cataloging agency: OSt
  • Transcribing agency: OSt

151 ## - HEADING--GEOGRAPHIC NAME

  • Geographic name: Europe
  • General subdivision: Civilization

670 ## - SOURCE DATA FOUND

  • Source citation: Work cat.: (OSt)0: Cole, Joshua, 1961- author. 867, Western civilizations: Volume 1 /
Koha©2022 UCC.All Right Reserved.Site Developed by Sam Jonah Library IT Team
<Home | Contact | Library publications |Research Tools | Research Guides |https://ucclivechat.library-gh.net/index.php/chat

If you have questions or concern please contact the Library.



PMB, University of Cape Coast

KOHA HOME